All One Direction Songs in French - Statistics

General Stats
  • This quiz has been taken 42 times
  • The average score is 53 of 91
Answer Stats
Hint Answer % Correct
Moments Moments
90%
Na na na Na Na Na
87%
Diana Diana
84%
Infini Infinity
84%
Olivia Olivia
84%
Histoire History
81%
Petite robe noire Little Black Dress
81%
Magie Magic
81%
Ce qui fait que tu es beau/belle What Makes You Beautiful
81%
Je veux I Want
77%
Petites choses Little Things
77%
Vivre tant que nous sommes jeunes Live While We’re Young
74%
Une chose One Thing
74%
Toi et moi You and I
74%
Maison Home
71%
Syndrome de Stockholm Stockholm Syndrome
71%
Fort Strong
71%
Dix-huit 18
68%
Un autre monde Another World
68%
Illusion Illusion
68%
Je souhaite I Wish
68%
T’embrasser Kiss You
68%
Pas de controle No Control
68%
Parfait Perfect
68%
Même erreurs Same Mistakes
68%
Voler ma copine Steal My Girl
68%
L'histoire de ma vie Story of My Life
68%
Amour d’été Summer Love
68%
Meilleure chanson de tout les temps Best Song Ever
65%
Nuages Clouds
65%
Si je pouvais voler If I Could Fly
65%
Petits mensonges blancs Little White Lies
65%
Jamais assez Never Enough
65%
Espaces Spaces
65%
Quel sentiment What a Feeling
65%
Agir comme mon âge Act My Age
61%
Vivant Alive
61%
Est ce qu’il sait Does He Know
61%
Joyeusement Happily
61%
Salut ange Hey Angel
61%
Souvenirs de minuit Midnight Memories
61%
La nuit change Night Changes
61%
Pris Taken
61%
De retour pour toi Back For You
58%
Mieux que des mots Better Than Words
58%
Maintenant Right Now
58%
Elle n’a pas peur She’s Not Afraid
58%
Dis moi un mensonge Tell Me a Lie
58%
À travers le noir Through the Dark
58%
Debout toute la nuit Up All Night
58%
Loups Wolves
58%
Changer mon esprit Change My Mind
55%
Irrésistible Irresistible
55%
Plus que ça More Than This
55%
D'une manière ou d'une autre One Way or Another
55%
Ils ne savent pas pour nous They Don't Know About Us
55%
Marcher dans le vent Walking In The Wind
55%
Où vont les cœurs brisés Where Do Broken Hearts Go
55%
Changer ton billet Change Your Ticket
52%
Fin de journée End of the Day
52%
Moitié de coeur Half a Heart
52%
Je veux t'écrire une chanson I Want to Write You a Song
52%
Dernier premier bisou Last First Kiss
52%
Je t'aimais en premier Loved You First
52%
Je t'aime au revoir Love You Goodbye
52%
Une fois dans une vie Once in a Lifetime
52%
Près à courir Ready to Run
52%
Debout Stand Up
52%
Solution temporaire Temporary Fix
52%
Aller aller C'mon C'mon
48%
N’oublie pas d’où tu viens Don’t Forget Where You Belong
48%
Arrêt cardiaque Heart Attack
48%
Je voudrais I Would
48%
Long chemin en bas Long Way Down
48%
Personne ne peut se comparer Nobody Compares
48%
Te sauver ce soir Save You Tonight
48%
Pourquoi n’irions nous pas là-bas Why Don’t We Go There
48%
Tirer vers le bas Drag Me Down
45%
Tout à propos de toi Everything About You
45%
Ininflammable Fireproof
45%
Quelque chose de bien Something Great
45%
J'aurais du t'embrasser I Should Have Kissed You
42%
Voler mon coeur Stole My Heart
42%
Vraiment follement profondément Truly Madly Deeply
42%
Matin AM
39%
Encore une fois Over Again
35%
Fille toute puissante Girl Almighty
32%
Balance moi Rock Me
32%
Ca doit être toi Gotta Be You
23%
Toujours le premier Still The One
19%
Désillusion Fool’s Gold
6%
No matching quizzes found
Score Distribution
Percent of People with Each Score
Percentile by Number Answered
Your Score History
You have not taken this quiz